000 00260nam a22001097a 4500
008 170120b xxu||||| |||| 00| 0 eng d
020 _a0781730171
041 _aeng
080 _a618.2
245 _aNURSING ISSUES IN THE 21ST CETURY
_cHEIN, E.C
942 _2udc
_cBK
999 _c3333
_d3333